00769nam a2200205Ia 4500008004100000020001800041040001800059041000800077245012400085260003800209300001800247504002100265650003300286650005100319650002500370650003000395650003300425700003400458710007100492130821s2009 ck gr spa  a9789584442703 aCo-BoUCMbspa00aspa10aClima organizacional una aproximación a su dinámica en la empresa latinoamericanaceditor, Fernando Toro Álvarez aBogotá (Colombia)bCINCELc2009 a368 páginas aIncluye índica04aAdministración de empresas04aAdministración de empresaszAmérica Latina04aClima organizacional04aProductividad del trabajo04aSatisfacción en el trabajo1 aToro Álvarez, Fernandoeed.2 aCentro de Investigación en Comportamiento Organizacional. CINCEL